[Event "MK Cafe Cup-A"]
[Site "Koszalin"]
[Date "1998.08.11"]
[Round "9"]
[White "Przedmojski, Rafal"]
[Black "Forintos, Gyozo V"]
[Result "1-0"]
[WhiteElo "2390"]
[BlackElo "2370"]

1.d4 Nf6 2.c4 e6 3.g3 c5 4.d5 exd5 5.cxd5 d6 6.Bg2 g6 7.Nf3 Bg7 8.O-O O-O
9.Nc3 Re8 10.Nd2 Nbd7 11.a4 a6 12.h3 Rb8 13.Nc4 Nb6 14.Na3 Na8 15.e4 Nc7
16.a5 Bd7 17.Re1 Nb5 18.Bf4 Nh5 19.Naxb5 Bxb5 20.Be3 Nf6 21.Qc2 Nd7 22.f4 b6
23.axb6 Rxb6 24.Ra3 Qb8 25.b3 Bd4 26.Qd2 Bxe3+ 27.Rxe3 Qd8 28.Kh2 Qc7 29.Nd1 Nf6
30.Nf2 Qe7 31.Re1 Nd7 32.Raa1 f6 33.h4 Qg7 34.Bh3 Nf8 35.e5 fxe5 36.fxe5 dxe5
37.Qc3 Qf7 38.Ng4 Qg7 39.Qxc5 Nd7 40.Nh6+ Qxh6 41.Bxd7 Reb8 42.Be6+ Kh8 43.Rxe5 Qf8
44.Qd4 Qf6 45.Rae1 R6b7 46.Bc8 Rxc8 47.Re8+ Rxe8 48.Qxf6+ Kg8 49.Rxe8+ Bxe8
50.Qe6+ Kf8 51.d6 Rf7 52.Qc8 a5 53.Qc3 Rd7 54.Qh8+ Kf7 55.Qxh7+ Ke6 56.Qh8 Bf7
57.Qa8 Rxd6 58.Qxa5 Rd5 59.Qb6+ Ke7 60.Qe3+ Kf8 61.b4 Rb5 62.Qd3 Be8 63.Qd6+ Kg8
64.g4 Bf7 65.Kg3 Kg7 66.Qd4+ Kg8 67.Kf4 Kf8 68.Qd6+ Kg7 69.Ke4 Kg8 70.Kd4 Kg7
71.Kc3 Kg8 72.Qc6 Rb8 73.b5 Be8 74.Qe6+ Bf7 75.Qe5 Rc8+ 76.Kb4 Re8 77.Qd4 Be6
78.Qf6 Bf7 79.b6 Re1 80.Qd8+ Kg7 81.Qd4+ Kf8 82.Kc5 Rc1+ 83.Kd6 Rb1 84.Qh8+ Bg8
85.Qh6+ Kf7 86.Kc7 Rb5 87.Qd2 Rc5+ 88.Kd8  1-0

[Event "New York Manhattan"]
[Site "New York"]
[Date "1998.10.10"]
[Round "3"]
[White "Palatnik, Semon"]
[Black "Kacheishvili, Giorgi"]
[Result "1/2-1/2"]
[WhiteElo "2490"]
[BlackElo "2510"]

1.d4 Nf6 2.c4 e6 3.g3 c5 4.Nf3 Qa5+ 5.Nc3 Ne4 6.Qd3 cxd4 7.Nxd4 Bb4 8.Nb3 Qf5
9.Qe3 Nxc3 10.bxc3 Be7 11.Bg2 O-O 12.O-O  1/2-1/2

[Event "Elista ol (Men)"]
[Site "Elista"]
[Date "1998.10.11"]
[Round "12"]
[White "Papaioannou, Ioannis"]
[Black "Wu Wenjin"]
[Result "0-1"]
[WhiteElo "2520"]
[BlackElo "2385"]

1.d4 Nf6 2.c4 e6 3.g3 c5 4.Nf3 cxd4 5.Nxd4 Nc6 6.Bg2 Bc5 7.Nb3 Be7 8.Nc3 O-O
9.O-O d6 10.Bf4 a6 11.Rc1 Nh5 12.Be3 Nf6 13.h3 Rb8 14.Na4 Nd7 15.Qd2 Nce5
16.f4 Ng6 17.c5 dxc5 18.Naxc5 Nxc5 19.Bxc5 b6 20.Qxd8 Bxc5+ 21.Rxc5 Rxd8
22.Rc7 a5 23.e3 e5 24.Na1 Ba6 25.Rfc1 Kf8 26.Bf1 Bxf1 27.Kxf1 Ne7 28.Ra7 Rbc8
29.Rxc8 Rxc8 30.Nb3 Nf5 31.Kf2 exf4 32.gxf4 Rc2+ 33.Kf3 Rxb2 34.Ra8+ Ke7
35.Ra7+ Ke8 36.Ra8+ Kd7 37.Ra7+ Ke8 38.Ra8+ Kd7 39.Ra7+ Kc6 40.Rxf7 g6 41.Rf6+ Kb5
42.Nc1 Rh2 43.e4 Nd4+ 44.Ke3 Nc2+ 45.Kf3 Ne1+ 46.Ke3 Nc2+ 47.Kf3 Rxh3+ 48.Ke2 Rh2+
49.Kf3 a4 50.e5 Nd4+ 51.Ke4 Nf5 52.Kd3 Kc5 53.Ne2 b5 54.Nc3 Rh3+ 55.Kd2 a3
56.e6 Ne7 57.Rf7 Rh2+ 58.Kc1 Kd6 59.Nxb5+ Kxe6 60.Rg7 Kf6  0-1

[Event "NRW Sportland Cup Masters"]
[Site "Senden"]
[Date "1998.10.14"]
[Round "7"]
[White "Raetsky, Alexander"]
[Black "Ballo, Emanuel"]
[Result "1-0"]
[WhiteElo "2440"]
[BlackElo "2200"]

1.d4 Nf6 2.c4 e6 3.g3 c5 4.Nf3 cxd4 5.Nxd4 d5 6.Bg2 Bb4+ 7.Bd2 Bc5 8.Nb3 Be7
9.cxd5 Nxd5 10.Nc3 Nxc3 11.Bxc3 O-O 12.Na5 Qc7 13.O-O Rd8 14.Qa4 Bf8 15.Rfd1 Rxd1+
16.Rxd1 Bd7 17.Qf4 Qxf4 18.gxf4 a6 19.Bxb7 Ra7 20.Be5  1-0

[Event "Chigorin mem"]
[Site "St. Petersburg"]
[Date "1998.11.01"]
[Round "2"]
[White "Kalinichev, Konstantin"]
[Black "Malinin, Yuri"]
[Result "1-0"]
[WhiteElo "2190"]
[BlackElo "2335"]

1.d4 Nf6 2.c4 e6 3.g3 c5 4.Nf3 cxd4 5.Nxd4 d5 6.Bg2 e5 7.Nf3 d4 8.O-O Nc6
9.e3 Bc5 10.exd4 exd4 11.Re1+ Be6 12.Nbd2 O-O 13.Nb3 Qb6 14.Ne5 Bb4 15.Bd2 Bxd2
16.Qxd2 Nxe5 17.Rxe5 Bxc4 18.Nc5 Qd6 19.Rae1 Rae8 20.Rxe8 Rxe8 21.Nxb7 Rxe1+
22.Qxe1 Qe6 23.Qxe6 fxe6 24.b3 Be2 25.Nc5 e5 26.f3 Kf7 27.Kf2 Bb5 28.f4 Ng4+
29.Ke1 exf4 30.gxf4 Nxh2 31.a4 Be8 32.Kd2 Kf6 33.Ne4+ Ke6 34.Kd3 Bg6 35.Kxd4 Kf5
36.Nd6+ Kxf4 37.b4 Ng4 38.b5 Ne3 39.a5 Nxg2 40.b6 axb6 41.axb6 Ne1 42.b7 Nf3+
43.Kd5 Bh5 44.b8=Q g5 45.Ne4+ Ke3 46.Nxg5  1-0

[Event "GER-ch"]
[Site "Bremen"]
[Date "1998.11.08"]
[Round "3"]
[White "Kachiani Gersinska, Ketino"]
[Black "Schumacher, Olaf"]
[Result "1/2-1/2"]
[WhiteElo "2420"]
[BlackElo "2330"]

1.d4 Nf6 2.c4 e6 3.g3 c5 4.d5 exd5 5.cxd5 d6 6.Nc3 g6 7.Bg2 Bg7 8.Nf3 O-O
9.O-O a6 10.a4 Nbd7 11.Bf4 Qe7 12.h3 Nh5 13.Bg5 f6 14.Bd2 f5 15.Qc1 Ne5 16.Bg5 Bf6
17.Bh6 Bg7 18.Bg5 Bf6 19.Bxf6 Qxf6 20.Nxe5 Qxe5 21.e3 Bd7 22.a5 Rae8 23.Re1 g5
24.Qd1 Ng7 25.f4 Qf6 26.Qf3 h6 27.Kh2 Re7 28.e4 gxf4 29.Qxf4 Nh5 30.Qf3 Qg6
31.Rf1 Rff7 32.exf5 Rxf5 33.Qg4 Rg5 34.Qf3 Rf5 35.Qg4 Rg5  1/2-1/2

[Event "Sonnevanck 7th"]
[Site "Wijk aan Zee"]
[Date "1998.12.08"]
[Round "7"]
[White "Romero Holmes, Alfonso"]
[Black "Friedman, Aviv"]
[Result "1/2-1/2"]
[WhiteElo "2485"]
[BlackElo "2370"]

1.d4 e6 2.c4 Nf6 3.g3 c5 4.Nf3 b6 5.d5 Ba6 6.Qc2 exd5 7.cxd5 d6 8.Nc3 Be7
9.a4 O-O 10.Bg2 Nbd7 11.O-O Re8 12.Re1 Bf8 13.h3 Ne5 14.Nxe5 Rxe5 15.e4 Nd7
16.b3 Re8 17.f4 g6 18.Bb2 Bg7 19.Nb5 Bxb2 20.Qxb2 Bxb5 21.axb5 f6 22.h4 Qe7
23.Bh3 Nf8 24.Re3 Qg7 25.Kf2 Re7 26.Qe2 Rae8 27.Re1 Kh8 28.Qf3 Kg8 29.h5 Ra8
30.hxg6 hxg6 31.Bf1 Qh8 32.Qg4 Rae8 33.Qf3 Rh7 34.Bg2 Ree7 35.Qg4 Qg7 36.Qe2 Nd7
37.Rh1 Rxh1 38.Bxh1 Qh8 39.Bg2 Qg7 40.Bh3 Nf8 41.Qf3 Qh8 42.Bg2 Qg7 43.Bf1 Qh8
44.Re2 Qg7 45.Qd3 Qh8 46.Bg2 Qg7 47.Bh3 Qh7 48.Bg2 Nd7 49.Re1 Qg7 50.Bh3 Nf8
51.Rh1 Kf7 52.Be6+ Nxe6 53.dxe6+ Rxe6 54.Qd5 f5 55.exf5 Qb2+ 56.Kg1 Qb1+
57.Kg2 Qc2+ 58.Kf1 Qe2+  1/2-1/2

[Event "Gudmundur Arason op 4th"]
[Site "Hafnarfjordur"]
[Date "1998.12.18"]
[Round "5"]
[White "Raetsky, Alexander"]
[Black "Blees, Albert"]
[Result "1-0"]
[WhiteElo "2440"]
[BlackElo "2430"]

1.d4 Nf6 2.c4 e6 3.g3 c5 4.Nf3 cxd4 5.Nxd4 Nc6 6.Bg2 Bc5 7.e3 O-O 8.Nc3 Re8
9.O-O Bf8 10.b3 d5 11.cxd5 exd5 12.h3 Ne5 13.Bb2 Qb6 14.Qe2 Bd7 15.Rfd1 Rad8
16.Qf1 Bc8 17.Nde2 Nc6 18.Nxd5 Nxd5 19.Rxd5 Rxd5 20.Bxd5 Nb4 21.Bf3 Bf5 22.Nd4 Bg6
23.Qb5 Qd8 24.Rd1 a6 25.Qxb7 Nd3 26.Ba1 Bd6 27.Qd5 Qc7 28.Nf5 Bxf5 29.Qxf5 Ne5
30.Bd5 Qe7 31.Bxe5 Bxe5 32.Bc4 g6 33.Qd7 Qf8 34.Bxa6 Ra8 35.Qc6 Kg7 36.Rd7 Qe8
37.Bc4 Kh8 38.Bxf7 Qb8 39.a4 Bxg3 40.Bd5 Bxf2+ 41.Kh1  1-0

[Event "Paulisto-chT "]
[Site "Americana"]
[Date "1998.??.??"]
[Round "3"]
[White "Dianda, Joao Carlos"]
[Black "De Toledo, James Mann"]
[Result "0-1"]
[WhiteElo "2090"]
[BlackElo "2410"]

1.d4 Nf6 2.c4 e6 3.g3 c5 4.Nf3 cxd4 5.Nxd4 Qb6 6.Bg2 Bc5 7.e3 Nc6 8.Nb3 Bb4+
9.N1d2 O-O 10.O-O d5 11.cxd5 exd5 12.h3 Re8 13.Nf3 Bf8 14.Nbd4 Bd7 15.Qb3 Qxb3
16.Nxb3 Rac8 17.a3 Rc7 18.Bd2 Ne4 19.Rac1 Rec8 20.Bc3 Be7 21.Bd4 Kf8 22.Rfe1 Nxd4
23.Nfxd4 Bf6 24.Rxc7 Rxc7 25.Bf1 Ke7 26.Kg2 a6 27.Rc1 Rxc1 28.Nxc1 Kd6 29.Nd3 Nd2
30.Be2 Bxd4 31.exd4 Nb3 32.Ne5 Nxd4 33.Nxd7 Nxe2 34.Nb6 Nd4 35.Na4 b5 36.Nc3 Kc5
37.Kf1 Kc4 38.Ke1 Nf3+ 39.Kd1 d4 40.Ne4 Kd5 41.Nd2 Nxd2 42.Kxd2 Kc4  0-1

[Event "Bad Zwesten op"]
[Site "Bad Zwesten"]
[Date "1998.??.??"]
[Round "4"]
[White "Sand, Rolf"]
[Black "Sandner, Gunter"]
[Result "0-1"]
[WhiteElo "2100"]
[BlackElo "2315"]

1.d4 Nf6 2.c4 e6 3.g3 c5 4.Nf3 cxd4 5.Nxd4 Nc6 6.Bg2 Qb6 7.e3 Ne5 8.Qc2 Bc5
9.Nf3 Nxf3+ 10.Bxf3 d5 11.O-O d4 12.exd4 Bxd4 13.Nc3 Bd7 14.b3 h5 15.h3 O-O-O
16.Bb2 h4 17.g4 Qc7 18.Ne2 Bc5 19.Rad1 Bc6 20.Bxc6 Qxc6 21.Nd4 Qc7 22.Qe2 Rd7
23.Nb5 Qg3+ 24.Kh1 Qxh3+ 25.Kg1 Nxg4  0-1

[Event "Berliner Sommer 16th"]
[Site "Berlin"]
[Date "1998.??.??"]
[Round "2"]
[White "Jagodzinski, Andreas"]
[Black "Vasquez, Rodrigo"]
[Result "0-1"]
[WhiteElo "2215"]
[BlackElo "2445"]

1.d4 Nf6 2.c4 e6 3.g3 c5 4.d5 exd5 5.cxd5 d6 6.Bg2 g6 7.Nf3 Bg7 8.O-O O-O
9.Nc3 a6 10.a4 Re8 11.Re1 Ne4 12.Nxe4 Rxe4 13.Ra3 Nd7 14.Qc2 Re8 15.e4 Ne5
16.Nxe5 Bxe5 17.Kh1 Bd7 18.f4 Bg7 19.Rae3 Bd4 20.R3e2 Qa5 21.Bd2 Qxa4 22.b3 Qb5
23.Bf3 a5 24.Bc3 a4 25.bxa4 Rxa4 26.Bxd4 Rxd4 27.Re3 Qa5 28.e5 Ra4 29.e6 Ra1
30.Bd1 fxe6 31.Qb2 b5 32.Qf6 Qd2 33.dxe6 Bc6+  0-1

[Event "Bled op"]
[Site "Bled"]
[Date "1998.??.??"]
[Round "1"]
[White "Skudnov, Sergej"]
[Black "Kolar, Srecko"]
[Result "1/2-1/2"]
[WhiteElo "2395"]
[BlackElo "2155"]

1.d4 Nf6 2.c4 e6 3.g3 c5 4.Nf3 cxd4 5.Nxd4 Nc6 6.Bg2 Qb6 7.Nb3 Ne5 8.N1d2 a5
9.a4 d6 10.Qc2 Bd7 11.Qc3 Nc6 12.O-O Be7 13.Nf3 Ne4 14.Qxg7 O-O-O 15.Nbd2 Rhg8
16.Qxf7 Nf6 17.c5 Qb4 18.cxd6 Rdf8 19.Qxg8 Rxg8 20.dxe7 Qxe7 21.b3 Nd5 22.Ba3 Ndb4
23.Rac1 Kb8 24.Nc4 Ka7 25.Rfd1 Rd8 26.Nfe5 Nxe5 27.Nxe5 Be8 28.Rxd8 Qxd8
29.Bxb4 axb4 30.Nd3 Bg6 31.Rc4 Bxd3 32.exd3 Qd6 33.Be4 h6 34.Kg2 Qf8 35.Rc7 Ka6
36.Rxb7 Qc5 37.Rb8 Qc3 38.Ra8+ Kb6 39.a5+ Kb5 40.a6 Kb6 41.h4 Qxb3 42.Rh8 Qa2
43.Rxh6 Kc5 44.Rh7 Qxa6 45.Rc7+ Kd4 46.Bh7 Qb5 47.Rc4+ Ke5 48.f4+ Kf6 49.Be4 b3
50.Rc7 Qb6 51.Rh7 Qe3 52.Rb7  1/2-1/2

[Event "Primavara"]
[Site "Bucharest"]
[Date "1998.??.??"]
[Round "3"]
[White "Itkis, Boris"]
[Black "Iordachescu, Viorel"]
[Result "1/2-1/2"]
[WhiteElo "2460"]
[BlackElo "2520"]

1.d4 Nf6 2.c4 e6 3.g3 c5 4.Nf3 cxd4 5.Nxd4 Nc6 6.Nc3 Qb6 7.Nb3 Ne5 8.e4 Bb4
9.Qe2 d6 10.f4 Ng6 11.Bd2 O-O 12.O-O-O a5 13.Nb5 Bxd2+ 14.Rxd2 a4 15.N3d4 e5
16.Nf5 exf4 17.Nfxd6 fxg3 18.hxg3 Be6 19.e5 Ng4 20.Bh3 N6xe5 21.Bxg4 Nxg4
22.Rd4 Nf6 23.g4 Qc5 24.Rg1 Rfd8 25.Qd3 h6 26.Kb1 Rd7 27.Qd2 Qg5 28.Qxg5 hxg5
29.c5 Ra6 30.Nc3 b6 31.c6 Rc7 32.Nf5 Ra8 33.Rxa4 Rxa4 34.Nxa4 Bxf5+ 35.gxf5 Rxc6
36.Rxg5 Ne4 37.Rg2 b5 38.Re2 Ng3 39.Re8+ Kh7 40.Nc3 b4 41.Nd5 b3 42.Ne3 Rc5
43.f6 gxf6 44.axb3 f5 45.Ng2 Ne4 46.Rd8 Kg6 47.b4 Rc4 48.Rd5 Rxb4 49.Nh4+ Kg5
50.Rxf5+ Kxh4 51.Rxf7 Kg5 52.Kc2 Nf6 53.b3 Kf5 54.Re7 Nd5 55.Re8 Kf6 56.Re1 Rh4
57.Kd3 Nb4+ 58.Kc3 Nc6 59.Re8 Ne7 60.Rf8+ Ke5 61.Re8 Kd6 62.Kd3 Nc6 63.Rf8 Kc5
64.Rc8 Kb5 65.Ke3 Rh3+ 66.Ke4 Rxb3 67.Rh8 Rb1 68.Kd3 Rd1+ 69.Ke4 Kc4 70.Rc8 Re1+
71.Kf4 Kd5 72.Ra8 Re4+ 73.Kg3 Ne5 74.Rd8+ Ke6 75.Re8+ Kf7 76.Ra8 Rg4+ 77.Kf2 Ke6
78.Ke3 Nc4+ 79.Kd3 Kd5 80.Rd8+ Nd6 81.Ke3 Ke5 82.Rf8 Rg3+ 83.Rf3 Nf5+ 84.Kf2 Rg4
85.Ra3 Ke4 86.Ra8 Rh4 87.Re8+ Kf4 88.Ke2 Rh3 89.Kd2 Nd6 90.Re7 Nc4+ 91.Kc2 Ne5
92.Ra7 Ke4 93.Ra8 Nc6 94.Re8+ Kd4 95.Rc8 Nb4+ 96.Kb2 Nd3+ 97.Kc2 Rh2+ 98.Kd1 Nc5
99.Rd8+ Ke3 100.Re8+ Ne4 101.Rd8 Nc3+ 102.Kc1 Nb5 103.Kd1 Nd4 104.Re8+ Kd3
105.Kc1 Rc2+ 106.Kb1 Kd2 107.Rh8 Rc4 108.Rh2+ Ne2 109.Kb2  1/2-1/2

[Event "Primavara"]
[Site "Bucharest"]
[Date "1998.??.??"]
[Round "5"]
[White "Berezin, Oleg"]
[Black "Iordachescu, Viorel"]
[Result "1/2-1/2"]
[WhiteElo "2455"]
[BlackElo "2520"]

1.d4 Nf6 2.c4 e6 3.g3 c5 4.d5 exd5 5.cxd5 Bd6 6.Bg2 O-O 7.Nf3 Bc7 8.O-O d6
9.Nc3 Re8 10.Nd2 Ba5 11.Re1 b6 12.Nc4 Bxc3 13.bxc3 Ba6 14.Nd2 Ng4 15.Ne4 Ne5
16.a4 h6 17.f4 Nc4 18.e3 Nd7 19.Nf2 b5 20.axb5 Bxb5 21.e4 a5 22.Bf1 Ndb6
23.e5 dxe5 24.Ne4 a4 25.f5  1/2-1/2

[Event "Primavara"]
[Site "Bucharest"]
[Date "1998.??.??"]
[Round "11"]
[White "Berezin, Oleg"]
[Black "Ionescu, Cristian"]
[Result "1/2-1/2"]
[WhiteElo "2455"]
[BlackElo "2495"]

1.d4 Nf6 2.c4 e6 3.g3 c5 4.d5 exd5 5.cxd5 d6 6.Bg2 g6 7.Nf3 Bg7 8.Nc3 O-O
9.O-O Na6 10.Nd2 Nc7 11.a4 b6 12.Nc4 Ba6 13.Qb3 Qd7 14.Na3 Rfe8 15.Re1 h6  1/2-1/2

[Event "ARG-ch sf"]
[Site "Buenos Aires"]
[Date "1998.??.??"]
[Round "4"]
[White "Madina, Martin"]
[Black "Giaccio, Alfredo"]
[Result "0-1"]
[WhiteElo "2265"]
[BlackElo "2460"]

1.d4 Nf6 2.c4 e6 3.g3 c5 4.d5 exd5 5.cxd5 d6 6.Bg2 g6 7.Nf3 Bg7 8.O-O O-O
9.Nc3 Re8 10.Nd2 Nbd7 11.e4 Ne5 12.Qc2 Nh5 13.f4 Ng4 14.Nc4 a6 15.a4 Bd4+
16.Kh1 f5 17.Bf3 fxe4 18.Nxe4 Bf5 19.Qg2 Bxe4 20.Bxe4 Nf2+ 21.Rxf2 Bxf2 22.Bd2 Nf6
23.Bf3 Bd4 24.a5 Qe7 25.h3 Rad8 26.Kh2 Qd7 27.g4 Qb5 28.Rc1 Qb3 29.g5 Nh5
30.Qf1 Ng7 31.Bd1 Qb5 32.Ra1 Re4 33.Qf3 Bxb2 34.Rb1 Qxc4 35.Rxb2 Rde8  0-1

[Event "BL2-S9798"]
[Site "Germany"]
[Date "1998.??.??"]
[Round "?.3"]
[White "Ksieski, Zbigniew"]
[Black "Darga, Klaus"]
[Result "0-1"]
[WhiteElo "2390"]
[BlackElo "2450"]

1.d4 Nf6 2.c4 e6 3.g3 c5 4.d5 exd5 5.cxd5 d6 6.Nc3 g6 7.Bg2 Bg7 8.Nf3 O-O
9.O-O b6 10.Qc2 Na6 11.a3 Nc7 12.Rd1 Re8 13.e4 Bg4 14.h3 Bxf3 15.Bxf3 Nd7
16.Bf4 Ne5 17.Be2 Qd7 18.Kg2 b5 19.b4 c4 20.a4 a5 21.Rab1 Na6 22.Bxe5 Rxe5
23.Nxb5 Nxb4 24.Qxc4 Rc8 25.Qb3 Rxe4 26.Bg4 f5 27.Bf3 Rec4 28.Qe3 Be5 29.Qb6 Qd8
30.Qxd8+ Rxd8 31.Na7 Kf7 32.Nc6 Nxc6 33.dxc6 Rb4 34.Bd5+ Ke7 35.f4 Bc3 36.Rbc1 Rb2+
37.Kf3 Bd2 38.Rc4 Rdb8 39.Rd4 Bb4 40.g4 Bc5 41.Re1+ Kd8 42.Rdd1 R8b4 43.Re6 Rxa4
44.gxf5 gxf5 45.Rd3 Ra1 46.Re2 Rf1+ 47.Kg2 Rg1+ 48.Kf3 Rf1+ 49.Kg2 Rxe2+
50.Kxf1 Rf2+ 51.Ke1 Rxf4 52.Rf3 Rxf3 53.Bxf3 Ke7 54.Kd2 Bb6 55.Kc3 Ke6 56.Kc4 Ke5
57.Kb5 Bd8 58.Kc4 Kf4 59.Bd1 Ke3 60.Kb5  0-1

[Event "HUN-chT29899"]
[Site "HUN"]
[Date "1998.??.??"]
[Round "?"]
[White "Kundrak, Gabor"]
[Black "Juhasz, Bela"]
[Result "1/2-1/2"]
[WhiteElo "2265"]
[BlackElo "2235"]

1.d4 Nf6 2.c4 e6 3.g3 c5 4.Bg2 cxd4 5.Nf3 Bb4+ 6.Bd2 Qb6 7.Nxd4 Nc6 8.Nxc6 bxc6
9.O-O Bxd2 10.Qxd2 d5  1/2-1/2

[Event "Heart of Finland op"]
[Site "Jyvaskyla"]
[Date "1998.??.??"]
[Round "?"]
[White "Karttunen, Mika"]
[Black "Solozhenkin, Evgeniy"]
[Result "0-1"]
[WhiteElo "2245"]
[BlackElo "2500"]

1.d4 Nf6 2.c4 e6 3.g3 c5 4.Nf3 cxd4 5.Bg2 e5 6.O-O d6 7.e3 dxe3 8.Bxe3 Be7
9.h3 O-O 10.Nc3 Nc6 11.Qd2 Be6 12.Nd5 Bxd5 13.cxd5 Nb8 14.Nh4 Re8 15.Nf5 Bf8
16.g4 Nbd7 17.Rac1 e4 18.g5 Nh5 19.Rc4 g6 20.Ng3 Nxg3 21.fxg3 Bg7 22.Rxe4 Rxe4
23.Bxe4 Qe7 24.Bg2 Bxb2 25.Rb1 Be5 26.Rxb7 Bxg3 27.Bxa7 Qe8 28.Bd4 Nc5 29.Rb1 Be5
30.Bxe5 Qxe5 31.Re1 Rxa2 32.Rxe5 Rxd2 33.Re8+ Kg7 34.Rd8 Nd3 35.Rxd6 Nf4
36.Bf1 Ne6 37.h4 Nd4 38.Rf6 h5 39.Rf4 Nf5 40.Bg2 Nd6 41.Kh2 Kf8 42.Ra4 Nf5
43.Kg1 Ke7 44.Bh3 Nd4 45.Ra7+ Kf8 46.Bg2 Ne2+ 47.Kf2 Nc3+ 48.Kg3 Rd3+ 49.Bf3 Nb5
50.Ra4 Nd4 51.Rxd4 Rxd4  0-1

[Event "Jyvaskyla We JyS"]
[Site "Jyvaskyla"]
[Date "1998.??.??"]
[Round "4"]
[White "Pirttimaki, Timo"]
[Black "Sassi, Pekka"]
[Result "1-0"]
[WhiteElo "2265"]
[BlackElo "2160"]

1.d4 Nf6 2.c4 e6 3.g3 c5 4.Nf3 cxd4 5.Nxd4 d5 6.Bg2 e5 7.Nc2 d4 8.f4 Nc6
9.fxe5 Qa5+ 10.Nd2 Ng4 11.O-O Qxe5 12.Nf3 Qh5 13.h3 Ne3 14.Nxe3 dxe3 15.Qd5 Qxd5
16.cxd5 Nb4 17.Nd4 Bd6 18.g4 h5 19.g5 O-O 20.Bxe3 Re8 21.Bf2 Bf4 22.a3 Na6
23.h4 Nc5 24.Nb5 Ne4 25.Rfd1 Bd7 26.Nd4 Nxf2 27.Kxf2 Be5  1-0

[Event "Klatovy op-B"]
[Site "Klatovy"]
[Date "1998.??.??"]
[Round "?"]
[White "Danes, F."]
[Black "Soutner, J."]
[Result "0-1"]
[WhiteElo "1800"]
[BlackElo "1755"]

1.d4 Nf6 2.c4 e6 3.g3 c5 4.Bg2 cxd4 5.Qxd4 Nc6 6.Qd3 Be7 7.Nf3 O-O 8.a3 b6
9.O-O Bb7 10.Nc3 Na5 11.b4 Nb3 12.Rb1 Nxc1 13.Rfxc1 d5 14.cxd5 Nxd5 15.Nxd5 Bxd5
16.e4 Bb7 17.Qe3 Rc8 18.Rd1 Qe8 19.Ne5 Rc7 20.Rb3 Qc8 21.Rbd3 Rd8 22.h3 f6
23.Nf3 Rcd7 24.Kh2 Rxd3 25.Rxd3 Rxd3 26.Qxd3 e5 27.Nh4 g6 28.Qb3+ Kf8 29.Qe3 Kg7
30.Nf3 Qc6 31.Ne1 a5 32.Qd2 axb4 33.axb4 Qb5 34.Nc2 Ba6 35.Qc3 Qc4 36.Qa3 Bb7
37.Qa7 Qc6 38.b5 Qc7 39.Ne3 Bc5 40.Qa4 Bxe3 41.fxe3 Bc8 42.Qa8 Be6 43.Qa4 Qc5
44.Qa7+ Bf7 45.h4 Qxb5 46.Bh3 Qb2+ 47.Kh1 Qb1+ 48.Kh2 Qa2+  0-1

[Event "Korinthos op"]
[Site "Korinthos"]
[Date "1998.??.??"]
[Round "1"]
[White "Dimitriadis, Georgios"]
[Black "Bagaturov, Giorgi"]
[Result "0-1"]
[WhiteElo "2245"]
[BlackElo "2535"]

1.d4 Nf6 2.c4 e6 3.g3 c5 4.Nf3 cxd4 5.Nxd4 d5 6.Bg2 e5 7.Nf3 d4 8.O-O Nc6
9.e3 Bc5 10.exd4 exd4 11.Qe1+ Be7 12.a3 O-O 13.Bg5 h6 14.Bxf6 Bxf6 15.Nbd2 Bf5
16.Qd1 Re8 17.Re1 Rxe1+ 18.Qxe1 d3 19.Rb1 Qd7 20.Ne4 Bd4 21.Nxd4 Nxd4 22.Qd2 Ne2+
23.Kh1 Re8 24.f3 Qd4 25.Rd1 Rd8 26.b3 Bg6 27.Rf1 f5 28.Nf2 f4 29.gxf4 Nxf4
30.Ne4 Nxg2 31.Qxg2 Bxe4 32.fxe4 d2 33.Rd1 Qe3 34.Qg4 Qe1+ 35.Kg2 Rf8  0-1

[Event "PER-ch sf"]
[Site "Lima"]
[Date "1998.??.??"]
[Round "3"]
[White "Cruz, Filemon"]
[Black "Esplana, Christian"]
[Result "0-1"]
[WhiteElo "2365"]
[BlackElo "2150"]

1.d4 Nf6 2.c4 e6 3.g3 c5 4.d5 exd5 5.cxd5 d6 6.Nc3 g6 7.Bg2 Bg7 8.Nf3 Bd7
9.a4 O-O 10.Nd2 Na6 11.Nc4 Ne8 12.O-O Nac7 13.Qb3 Rb8 14.Nb5 Nxb5 15.axb5 a6
16.bxa6 bxa6 17.Qc2 Bb5 18.Ra2 Qd7 19.b3 Bxc4 20.bxc4 Nc7 21.Bd2 Rb7 22.Rb1 Rfb8
23.Rxb7 Rxb7 24.Ba5 Ne8 25.Bf3 Kf8 26.Kg2 h5 27.h3 Rb8 28.Bd2 Qb7 29.Bg5 Nc7
30.Qa4 Qb3 31.Qxb3 Rxb3 32.Bd8 Ne8 33.Rxa6 Rb4 34.Ra8 Rxc4 35.Bg5 Rb4 36.g4 hxg4
37.hxg4 Rb7 38.Bf4  0-1

[Event "World Cup blind"]
[Site "Logrono"]
[Date "1998.??.??"]
[Round "5"]
[White "Bischoff, Dieter"]
[Black "Milicevic, Miodrag"]
[Result "1/2-1/2"]
[WhiteElo "2185"]
[BlackElo "2250"]

1.d4 Nf6 2.c4 e6 3.g3 c5 4.Nf3 cxd4 5.Nxd4 Qc7 6.Nc3 a6 7.Bg5 Bb4 8.Bxf6 Bxc3+
9.bxc3 gxf6 10.e4 Nc6 11.Nc2 d6 12.Ne3 Bd7 13.Be2 Ke7 14.Bh5 Ne5 15.Be2 b5
16.O-O Nxc4 17.Bxc4 bxc4 18.Qe2 Rhc8 19.Rfe1 Rab8 20.Rad1 Bb5 21.Qh5  1/2-1/2

[Event "FRA-chB"]
[Site "Meribel"]
[Date "1998.??.??"]
[Round "2"]
[White "Duquesnoy, Jean Philip"]
[Black "Bricard, Emmanuel"]
[Result "0-1"]
[WhiteElo "2240"]
[BlackElo "2450"]

1.d4 Nf6 2.c4 e6 3.g3 c5 4.d5 exd5 5.cxd5 d6 6.Bg2 g6 7.Nf3 Bg7 8.O-O b5
9.a4 b4 10.Nfd2 Ba6 11.Qc2 Nbd7 12.Nc4 Bxc4 13.Qxc4 O-O 14.Qh4 Re8 15.Re1 Ne5
16.Rd1 Rc8 17.Bg5 Neg4 18.Bh3 h5 19.f3 c4 20.fxg4 Qb6+ 21.Kf1 Ne4 22.e3 c3  0-1

[Event "EU-ch U16"]
[Site "Murek"]
[Date "1998.??.??"]
[Round "9"]
[White "Loetscher, Roland"]
[Black "Batsanin, Dmitry"]
[Result "1/2-1/2"]
[WhiteElo "2080"]
[BlackElo "2335"]

1.d4 Nf6 2.c4 e6 3.g3 c5 4.d5 exd5 5.cxd5 d6 6.Nc3 g6 7.Bg2 Bg7 8.Nf3 O-O
9.O-O Na6 10.Nd2 Nc7 11.Nc4 Nfe8 12.a4 b6 13.Bd2 Ba6 14.b3 f5 15.Qc2 Qd7
16.Rfe1 Bb7 17.Rad1 Qf7 18.Qd3 Rd8 19.Bg5 Rd7 20.Rd2 h6 21.Be3 g5 22.f4 g4
23.Red1 Qf6 24.Rc2 Na6 25.Rcc1 Nb4 26.Qd2 Qd8 27.Bf2 Nf6 28.Ne3 Ne8 29.Nc4 Nf6
30.Ne3 Ne8 31.Nc4  1/2-1/2

[Event "NOR-chT"]
[Site "NOR"]
[Date "1998.??.??"]
[Round "?"]
[White "Andersen, Oivind"]
[Black "Elseth, Roar"]
[Result "0-1"]
[WhiteElo "2215"]
[BlackElo "2355"]

1.d4 Nf6 2.c4 e6 3.g3 c5 4.d5 exd5 5.cxd5 d6 6.Bg2 g6 7.Nc3 Bg7 8.e4 O-O
9.Nge2 Re8 10.O-O b5 11.e5 Rxe5 12.Bf4 Re8 13.Nxb5 Ba6 14.a4 Nh5 15.Qd2 Nxf4
16.Nxf4 Qb6 17.Rfe1 Nd7 18.Bf1 Ne5 19.Kg2 Rab8 20.a5 Qd8 21.Nxa7 Bxf1+ 22.Kxf1 Qd7
23.Nc6 Nxc6 24.dxc6 Qxc6 25.Qd5 Qa6+ 26.Kg2 Bxb2 27.Rxe8+ Rxe8 28.Ra2 Bd4
29.Qb3 Re1 30.Qd3 Qa8+ 31.Qf3 Rg1+ 32.Kxg1 Qxf3 33.a6 c4  0-1

[Event "RUS-Cup"]
[Site "Omsk/Perm"]
[Date "1998.??.??"]
[Round "3"]
[White "Vaulin, Alexander"]
[Black "Karpeshov, Oleg"]
[Result "1/2-1/2"]
[WhiteElo "2535"]
[BlackElo "2420"]

1.d4 Nf6 2.c4 e6 3.g3 c5 4.d5 d6 5.Nc3 Be7 6.Bg2 O-O 7.dxe6 fxe6 8.Nh3 Nc6
9.O-O Ne8 10.Nf4 Nc7 11.b3 Bf6 12.Bb2 Qe7 13.Qd2 Rd8 14.Rad1 Qf7 15.Ne4 Be7
16.Nc3 Rb8 17.e3 Bd7 18.h4 a6 19.Ne4 e5 20.Nd5 Nxd5 21.cxd5 Na7 22.f4 exf4
23.Rxf4 Qg6 24.Rdf1 Rf8 25.Kh2 Rbe8 26.Rxf8+ Rxf8  1/2-1/2

[Event "Paris op"]
[Site "Paris"]
[Date "1998.??.??"]
[Round "9"]
[White "Verat, Laurent"]
[Black "Kekelidze, Mikheil"]
[Result "1-0"]
[WhiteElo "2255"]
[BlackElo "2455"]

1.d4 Nf6 2.c4 e6 3.g3 c5 4.d5 exd5 5.cxd5 d6 6.Nc3 g6 7.Bg2 Bg7 8.Nf3 O-O
9.O-O Re8 10.Re1 a6 11.a4 Nh5 12.e4 Nd7 13.Bg5 Qb6 14.Qd2 Ne5 15.Nxe5 Bxe5
16.a5 Qc7 17.Na4 Bd7 18.Nb6 Rab8 19.Rac1 Bb5 20.Be3 Bg7 21.b4 c4 22.Bd4 f5
23.Bxg7 Nxg7 24.Bf1 Rxe4 25.Rxe4 fxe4 26.Bxc4 Qe7 27.Bxb5 axb5 28.Qc3 Rf8
29.Nc8 Qg5 30.Nxd6 Qxd5 31.Qc5 Qd3 32.Nxb7 Nf5 33.Qc3 Qd5 34.a6 Nd4 35.Qe3 Rf3
36.Rc8+ Kg7 37.Rc7+ Rf7 38.Rxf7+ Kxf7 39.Nc5 Nc2 40.Qb3 Nxb4 41.a7  1-0

[Event "Pula op"]
[Site "Pula"]
[Date "1998.??.??"]
[Round "1"]
[White "Hulak, Krunoslav"]
[Black "Vadla, Zeljko"]
[Result "1-0"]
[WhiteElo "2515"]
[BlackElo "2225"]

1.d4 Nf6 2.c4 e6 3.g3 c5 4.d5 exd5 5.cxd5 d6 6.Nf3 g6 7.Bg2 Bg7 8.O-O O-O
9.a4 Na6 10.Nfd2 Nc7 11.Nc4 b6 12.Bf4 Nfe8 13.Qd2 Ba6 14.Nba3 Qd7 15.Rfe1 Rd8
16.Qc2 Qe7 17.e4 Bxc4 18.Nxc4 Na6 19.Qb3 Nb4 20.Bd2 Nc7 21.Bxb4 cxb4 22.Qxb4 Na6
23.Qd2 Nc5 24.Ra3 Rfe8 25.Qd1 Qc7 26.Rae3 Nd7 27.Bf1 a6 28.b4 a5 29.bxa5 bxa5
30.Qd2 Bh6 31.f4 Ra8 32.Na3 Nc5 33.Kg2 Bg7 34.Bb5 Red8 35.h4 Nd7 36.Rc1 Qa7
37.Re2 Nf6 38.Bc6 Rab8 39.Nb5 Qe7 40.Rce1 Nh5 41.e5  1-0

[Event "Jirasek mem"]
[Site "Rakovnik"]
[Date "1998.??.??"]
[Round "5"]
[White "Hrach, Josef"]
[Black "Kafka, Ladislav"]
[Result "0-1"]
[WhiteElo "1915"]
[BlackElo "1775"]

1.d4 Nf6 2.c4 e6 3.g3 c5 4.d5 exd5 5.cxd5 d6 6.Nc3 g6 7.Bg2 Bg7 8.Nf3 O-O
9.O-O Re8 10.Bf4 a6 11.a4 h6 12.h4 Nh5 13.Be3 Nxg3 14.fxg3 Rxe3 15.Qd2 Re8
16.Qf4 Qf6 17.Qc4 Bf5 18.Rad1 Qe7 19.Qb3 Nd7 20.e4 Bg4 21.Rde1 Ne5 22.Nxe5 Bxe5
23.Ne2 Rab8 24.Qc2 b5 25.axb5 Rxb5 26.Nc3 Rb4 27.Bf3 Bh3 28.Bg2 Bd7 29.Rf3 Bg4
30.Rd3 c4 31.Rde3 Reb8 32.Ne2 Qa7 33.Kf2 Rxb2 34.Qxc4 R8b3 35.Qc1 Rxe3 36.Qxe3 Bd4  0-1

[Event "Regensburg op"]
[Site "Regensburg"]
[Date "1998.??.??"]
[Round "3"]
[White "Jauernig, Udo"]
[Black "Berelovich, Aleksandar"]
[Result "0-1"]
[WhiteElo "2245"]
[BlackElo "2515"]

1.d4 Nf6 2.c4 e6 3.g3 c5 4.Nf3 cxd4 5.Nxd4 d5 6.Bg2 e5 7.Nf3 d4 8.O-O Nc6
9.e3 Bc5 10.exd4 exd4 11.Re1+ Be6 12.Ng5 O-O 13.Nxe6 fxe6 14.Nd2 Qd6 15.a3 d3
16.Nb3 Ng4 17.Nxc5 Qxc5 18.Be3 Nxe3 19.Rxe3 Rxf2 20.Kxf2 Rf8+ 21.Bf3 Ne5
22.h3 b5 23.cxb5 Rxf3+ 24.Qxf3 Nxf3 25.Kxf3 Qf5+ 26.Kg2 d2  0-1